000 00532nam a22001697a 4500
005 20251108171249.0
008 250721s1986 xx 000 0 ara d
082 1 4 _aم/810.8/راغ
100 1 _aالراغب الأصفهاني، أبو القاسم حسين
245 1 0 _aمحاضرات الأدباء و محاورات الشعراء البلغاء /
250 _aط2
264 1 _aبيروت :
_bدار الجيل،
_c1986.
300 _a304ص
650 1 7 _aالأدب العربي
942 _2ddc
_cREF
999 _c60787
_d60787